Catálogo público

Vuelta de hoja : (Record no. 75732)

MARC details
000 -CABECERA
campo de control de longitud fija 01591cam a22003977a 4500
003 - IDENTIFICADOR DEL NÚMERO DE CONTROL
campo de control CHAP
005 - FECHA Y HORA DE LA ÚLTIMA TRANSACCIÓN
campo de control 20220817043443.0
008 - DATOS DE LONGITUD FIJA--INFORMACIÓN GENERAL
campo de control de longitud fija 980605d1997 mx r 00110 spa d
010 ## - NÚMERO DE CONTROL DE LA BIBLIOTECA DEL CONGRESO
Número de control de LC 75732
011 ## - ENLACE DEL NUMERO DE CONTROL DE LA BIBLIOTECA DEL CONGRESO [OBSOLETO]
Número de control de LC 76704
020 ## - NÚMERO INTERNACIONAL ESTÁNDAR DEL LIBRO
Número Internacional Estándar del Libro 9688844446
035 ## - NÚMERO DE CONTROL DEL SISTEMA
Número de control de sistema 86291
040 ## - FUENTE DE LA CATALOGACIÓN
Centro/agencia transcriptor CHAP
082 04 - NÚMERO DE LA CLASIFICACIÓN DECIMAL DEWEY
Número de clasificación 808.831
Número de documento/Ítem L4
100 00 - ENTRADA PRINCIPAL--NOMBRE DE PERSONA
Nombre de persona Leal Menchaca, Miguel Angel
Término indicativo de función/relación presentación, selección y notas
245 10 - MENCIÓN DE TÍTULO
Título Vuelta de hoja :
Resto del título antología de cuentos latinoamericanos del siglo XIX
Mención de responsabilidad, etc. /presentación, selección y notas por Miguel Angel Leal Menchaca [y otros]
260 ## - PUBLICACIÓN, DISTRIBUCIÓN, ETC.
Lugar de publicación, distribución, etc. Chapingo, Méx. :
Nombre del editor, distribuidor, etc. UACH. Dirección de Difusión Cultural,
Fecha de publicación, distribución, etc. 1997.
300 ## - DESCRIPCIÓN FÍSICA
Extensión 206 p.
410 21 - MENCIÓN DE SERIE/PUNTO DE ACCESO ADICIONAL--ENTIDAD CORPORATIVA [OBSOLETO, CAN/MARC], [LOCAL, USA]
Nombre de entidad corporativa o nombre de jurisdicción como elemento de entrada UACH. Dirección de Difusión Cultural
490 #0 - MENCIÓN DE SERIE
Mención de serie Literatura
590 ## - NOTA LOCAL (RLIN)
Nota local BATCH-UPD
Procedencia (VM) [OBSOLETO] 10
Condición del los carretes individuales (VM) [OBSOLETO] 20130110
-- UCH01
-- 0934
590 ## - NOTA LOCAL (RLIN)
Nota local CONVERSION
Procedencia (VM) [OBSOLETO] 10
Condición del los carretes individuales (VM) [OBSOLETO] 20130109
-- UCH01
-- 1341
650 14 - PUNTO DE ACCESO ADICIONAL DE MATERIA--TÉRMINO DE MATERIA
Término de materia o nombre geográfico como elemento de entrada Cuentos.
9 (RLIN) 30096
700 0# - PUNTO DE ACCESO ADICIONAL--NOMBRE DE PERSONA
Nombre de persona Rosas Galicia, Rolando.
9 (RLIN) 100013
700 0# - PUNTO DE ACCESO ADICIONAL--NOMBRE DE PERSONA
Nombre de persona Trejo Villafuerte, Arturo.
9 (RLIN) 114797
810 21 - PUNTO DE ACCESO ADICIONAL DE SERIE--NOMBRE DE ENTIDAD CORPORATIVA
Nombre de entidad corporativa o nombre de jurisdicción como elemento de entrada UACH. Dirección de Difusión Cultural
830 #0 - PUNTO DE ACCESO ADICIONAL DE SERIE-TÍTULO UNIFORME
Título uniforme Literatura
9 (RLIN) 67114
901 ## - ELEMENTOS DE DATOS A LOCAL LDA (RLIN)
a BK
905 ## - ELEMENTOS DE DATOS E LOCAL, LDE (RLIN)
a Lilia Sánchez G.
942 ## - ELEMENTOS DE PUNTO DE ACCESO ADICIONAL (KOHA)
Tipo de ítem Koha Libro
949 ## - PROCESAMIENTO DE INFORMACIÓN LOCAL (OCLC)
a 808.831 L4
b BC
c LIBRO
d 33724000693909
e LIBRO
f c. 4
h 93444
i 86291
k DonaciØn
s i
949 ## - PROCESAMIENTO DE INFORMACIÓN LOCAL (OCLC)
a 808.831 L4
b BC
c LIBRO
d 33724000890885
e LIBRO
h 93441
i 86291
k DonaciØn
s i
949 ## - PROCESAMIENTO DE INFORMACIÓN LOCAL (OCLC)
a 808.831 L4
b BC
c LIBRO
d 33724000892337
e LIBRO
f c. 2
h 93442
i 86291
k DonaciØn
s o
949 ## - PROCESAMIENTO DE INFORMACIÓN LOCAL (OCLC)
a 808.831 L4
b BC
c LIBRO
d 33724000898896
e LIBRO
f c. 3
h 93443
i 86291
k DonaciØn
s i
949 ## - PROCESAMIENTO DE INFORMACIÓN LOCAL (OCLC)
a 808.831 L4
b BC
c UACH
d 8629151234
e UACH
f c. 5
h 93445
i 86291
k DonaciØn
s b
Holdings
Estado de retiro Estado de pérdida Fuente del sistema de clasificación o colocación Estado dañado Restricciones de uso No para préstamo Código de colección Localización permanente Ubicación/localización actual Ubicación en estantería Fecha de adquisición Información codificada de la localización en otra ubicación Total de préstamos Signatura topográfica completa Código de barras Fecha visto por última vez Fecha del último préstamo Número de copia Precio válido a partir de Tipo de ítem Koha En préstamo
    Dewey Decimal Classification   Préstamo 15 días   General Biblioteca Central Biblioteca Central Planta principal - Colección General 31/12/2019 LIBRO 1 808.831 L4 33724000693909 07/02/2025 24/01/2025 c. 4 31/12/2019 Libro  
    Dewey Decimal Classification   Préstamo 15 días   General Biblioteca Central Biblioteca Central Planta principal - Colección General 31/12/2019 LIBRO 1 808.831 L4 33724000890885 26/11/2024 06/11/2024   31/12/2019 Libro  
    Dewey Decimal Classification   Préstamo 15 días   General Biblioteca Central Biblioteca Central Planta principal - Colección General 31/12/2019 LIBRO   808.831 L4 33724000892337 31/12/2019   c. 2 31/12/2019 Libro  
    Dewey Decimal Classification   Préstamo 15 días   General Biblioteca Central Biblioteca Central Planta principal - Colección General 31/12/2019 LIBRO 1 808.831 L4 33724000898896 15/03/2022 15/03/2022 c. 3 31/12/2019 Libro 30/03/2022
        Préstamo interno   Publicaciones UACh Biblioteca Central Biblioteca Central Planta alta - Área de Tesis - UACh 31/12/2019 LIBRO   808.831 L4 33724002476215 31/12/2019   c. 5 31/12/2019 Libro